000 00731cam a2200229 a 4500
001 17104417
005 20180109034051.0
008 120104s2013 maua f 001 0 eng
010 _a 2012930193
020 _a9780312568498 (spiralbound)
040 _aDLC
_cDLC
_dDLC
041 _aeng
042 _apcc
080 _a808.06
082 0 0 _a808.06 HAC
_223
100 1 _a46
101 _aEDU
245 1 2 _aA pocket style manual /
_cDiana Hacker, Nancy Sommers ; contributing author: Rick Matthews ; contributing ESL specialist, Marcy Carbajal Van Horn.
906 _a7
_bcbc
_corigcop
_d2
_eepcn
_f20
_gy-gencatlg
942 _2ddc
_cBK
999 _c39830
_d39830